<?xml version="1.0" encoding="UTF-8"?>
<record
    xmlns:xsi="http://www.w3.org/2001/XMLSchema-instance"
    xsi:schemaLocation="http://www.loc.gov/MARC21/slim http://www.loc.gov/standards/marcxml/schema/MARC21slim.xsd"
    xmlns="http://www.loc.gov/MARC21/slim">

  <leader>     nam a22     7a 4500</leader>
  <datafield tag="999" ind1=" " ind2=" ">
    <subfield code="c">44589</subfield>
    <subfield code="d">44589</subfield>
  </datafield>
  <controlfield tag="003">OSt</controlfield>
  <controlfield tag="005">20181114103405.0</controlfield>
  <controlfield tag="008">181114b        xxu||||| |||| 00| 0 eng d</controlfield>
  <datafield tag="040" ind1=" " ind2=" ">
    <subfield code="c">sero soft</subfield>
  </datafield>
  <datafield tag="100" ind1=" " ind2=" ">
    <subfield code="a">Bare Act</subfield>
  </datafield>
  <datafield tag="245" ind1=" " ind2=" ">
    <subfield code="a">The Limited Liability Partnership Act 2008</subfield>
  </datafield>
  <datafield tag="260" ind1=" " ind2=" ">
    <subfield code="a">Commercial Law Pub</subfield>
  </datafield>
  <datafield tag="300" ind1=" " ind2=" ">
    <subfield code="a">354</subfield>
  </datafield>
  <datafield tag="942" ind1=" " ind2=" ">
    <subfield code="2">ddc</subfield>
    <subfield code="c">01</subfield>
  </datafield>
  <datafield tag="952" ind1=" " ind2=" ">
    <subfield code="0">0</subfield>
    <subfield code="1">0</subfield>
    <subfield code="2">ddc</subfield>
    <subfield code="4">0</subfield>
    <subfield code="7">0</subfield>
    <subfield code="a">04</subfield>
    <subfield code="b">04</subfield>
    <subfield code="d">2018-11-14</subfield>
    <subfield code="e">Western Law House Meerut</subfield>
    <subfield code="g">375.00</subfield>
    <subfield code="i">00001412/18  29-10-18</subfield>
    <subfield code="l">1</subfield>
    <subfield code="m">3</subfield>
    <subfield code="p">04-B-6394</subfield>
    <subfield code="r">2019-01-08</subfield>
    <subfield code="s">2018-11-16</subfield>
    <subfield code="w">2018-11-14</subfield>
    <subfield code="y">02</subfield>
  </datafield>
  <datafield tag="952" ind1=" " ind2=" ">
    <subfield code="0">0</subfield>
    <subfield code="1">0</subfield>
    <subfield code="2">ddc</subfield>
    <subfield code="4">0</subfield>
    <subfield code="7">0</subfield>
    <subfield code="a">04</subfield>
    <subfield code="b">04</subfield>
    <subfield code="d">2018-11-14</subfield>
    <subfield code="e">Western Law House Meerut</subfield>
    <subfield code="g">375.00</subfield>
    <subfield code="i">00001412/18  29-10-18</subfield>
    <subfield code="l">2</subfield>
    <subfield code="m">2</subfield>
    <subfield code="p">04-B-6395</subfield>
    <subfield code="r">2018-12-18</subfield>
    <subfield code="s">2018-11-16</subfield>
    <subfield code="w">2018-11-14</subfield>
    <subfield code="y">01</subfield>
  </datafield>
  <datafield tag="952" ind1=" " ind2=" ">
    <subfield code="0">0</subfield>
    <subfield code="1">0</subfield>
    <subfield code="2">ddc</subfield>
    <subfield code="4">0</subfield>
    <subfield code="7">0</subfield>
    <subfield code="a">04</subfield>
    <subfield code="b">04</subfield>
    <subfield code="d">2018-11-14</subfield>
    <subfield code="e">Western Law House Meerut</subfield>
    <subfield code="g">375.00</subfield>
    <subfield code="i">00001412/18  29-10-18</subfield>
    <subfield code="l">2</subfield>
    <subfield code="m">2</subfield>
    <subfield code="p">04-B-6396</subfield>
    <subfield code="r">2020-01-04</subfield>
    <subfield code="s">2019-12-27</subfield>
    <subfield code="w">2018-11-14</subfield>
    <subfield code="y">01</subfield>
  </datafield>
  <datafield tag="952" ind1=" " ind2=" ">
    <subfield code="0">0</subfield>
    <subfield code="1">0</subfield>
    <subfield code="2">ddc</subfield>
    <subfield code="4">0</subfield>
    <subfield code="7">0</subfield>
    <subfield code="a">04</subfield>
    <subfield code="b">04</subfield>
    <subfield code="d">2018-11-14</subfield>
    <subfield code="e">Western Law House Meerut</subfield>
    <subfield code="g">375.00</subfield>
    <subfield code="i">00001412/18  29-10-18</subfield>
    <subfield code="l">2</subfield>
    <subfield code="m">3</subfield>
    <subfield code="p">04-B-6397</subfield>
    <subfield code="r">2020-01-04</subfield>
    <subfield code="s">2019-12-12</subfield>
    <subfield code="w">2018-11-14</subfield>
    <subfield code="y">01</subfield>
  </datafield>
  <datafield tag="952" ind1=" " ind2=" ">
    <subfield code="0">0</subfield>
    <subfield code="1">0</subfield>
    <subfield code="2">ddc</subfield>
    <subfield code="4">0</subfield>
    <subfield code="7">0</subfield>
    <subfield code="a">04</subfield>
    <subfield code="b">04</subfield>
    <subfield code="d">2018-11-14</subfield>
    <subfield code="e">Western Law House Meerut</subfield>
    <subfield code="g">375.00</subfield>
    <subfield code="i">00001412/18  29-10-18</subfield>
    <subfield code="l">1</subfield>
    <subfield code="m">3</subfield>
    <subfield code="p">04-B-6398</subfield>
    <subfield code="r">2018-12-20</subfield>
    <subfield code="s">2018-11-16</subfield>
    <subfield code="w">2018-11-14</subfield>
    <subfield code="y">01</subfield>
  </datafield>
  <datafield tag="952" ind1=" " ind2=" ">
    <subfield code="0">0</subfield>
    <subfield code="1">0</subfield>
    <subfield code="2">ddc</subfield>
    <subfield code="4">0</subfield>
    <subfield code="7">0</subfield>
    <subfield code="a">04</subfield>
    <subfield code="b">04</subfield>
    <subfield code="d">2018-11-14</subfield>
    <subfield code="e">Western Law House Meerut</subfield>
    <subfield code="g">375.00</subfield>
    <subfield code="i">00001412/18  29-10-18</subfield>
    <subfield code="l">2</subfield>
    <subfield code="m">3</subfield>
    <subfield code="p">04-B-6399</subfield>
    <subfield code="r">2025-09-22</subfield>
    <subfield code="s">2025-09-16</subfield>
    <subfield code="w">2018-11-14</subfield>
    <subfield code="y">01</subfield>
  </datafield>
  <datafield tag="952" ind1=" " ind2=" ">
    <subfield code="0">0</subfield>
    <subfield code="1">0</subfield>
    <subfield code="2">ddc</subfield>
    <subfield code="4">0</subfield>
    <subfield code="7">0</subfield>
    <subfield code="a">04</subfield>
    <subfield code="b">04</subfield>
    <subfield code="d">2018-11-14</subfield>
    <subfield code="e">Western Law House Meerut</subfield>
    <subfield code="g">375.00</subfield>
    <subfield code="i">00001412/18  29-10-18</subfield>
    <subfield code="l">2</subfield>
    <subfield code="m">1</subfield>
    <subfield code="p">04-B-6400</subfield>
    <subfield code="r">2020-01-11</subfield>
    <subfield code="s">2020-01-03</subfield>
    <subfield code="w">2018-11-14</subfield>
    <subfield code="y">01</subfield>
  </datafield>
  <datafield tag="952" ind1=" " ind2=" ">
    <subfield code="0">0</subfield>
    <subfield code="1">0</subfield>
    <subfield code="2">ddc</subfield>
    <subfield code="4">0</subfield>
    <subfield code="7">0</subfield>
    <subfield code="a">04</subfield>
    <subfield code="b">04</subfield>
    <subfield code="d">2018-11-14</subfield>
    <subfield code="e">Western Law House Meerut</subfield>
    <subfield code="g">375.00</subfield>
    <subfield code="i">00001412/18  29-10-18</subfield>
    <subfield code="l">0</subfield>
    <subfield code="p">04-B-6401</subfield>
    <subfield code="r">2018-11-14</subfield>
    <subfield code="w">2018-11-14</subfield>
    <subfield code="y">01</subfield>
  </datafield>
  <datafield tag="952" ind1=" " ind2=" ">
    <subfield code="0">0</subfield>
    <subfield code="1">0</subfield>
    <subfield code="2">ddc</subfield>
    <subfield code="4">0</subfield>
    <subfield code="7">0</subfield>
    <subfield code="a">04</subfield>
    <subfield code="b">04</subfield>
    <subfield code="d">2018-11-14</subfield>
    <subfield code="e">Western Law House Meerut</subfield>
    <subfield code="g">375.00</subfield>
    <subfield code="i">00001412/18  29-10-18</subfield>
    <subfield code="l">0</subfield>
    <subfield code="p">04-B-6402</subfield>
    <subfield code="r">2018-11-14</subfield>
    <subfield code="w">2018-11-14</subfield>
    <subfield code="y">01</subfield>
  </datafield>
  <datafield tag="952" ind1=" " ind2=" ">
    <subfield code="0">0</subfield>
    <subfield code="1">0</subfield>
    <subfield code="2">ddc</subfield>
    <subfield code="4">0</subfield>
    <subfield code="7">0</subfield>
    <subfield code="a">04</subfield>
    <subfield code="b">04</subfield>
    <subfield code="d">2018-11-14</subfield>
    <subfield code="e">Western Law House Meerut</subfield>
    <subfield code="g">375.00</subfield>
    <subfield code="i">00001412/18  29-10-18</subfield>
    <subfield code="l">0</subfield>
    <subfield code="p">04-B-6403</subfield>
    <subfield code="r">2018-11-14</subfield>
    <subfield code="w">2018-11-14</subfield>
    <subfield code="y">01</subfield>
  </datafield>
</record>
